000
00376nam a2200145Ia 4500
008
231129s1996||||xx |||||||||||||| ||spa||
020
_a
958-04-2390-3
040
_b
spa
082
_a
(i) 808.068543 I35L
100
_a
Inkiow Dimiter
245
0
_a
Yo Clara y el perro sabueso
260
_c
1996
264
_a
Norma
942
_2
ddc
_c
BKS
999
_c
26495
_d
26495